[Event "HUN-ch U14"]
[Site "Eger"]
[Date "2021.08.25"]
[Round "4"]
[White "Tran, David"]
[Black "Korosi, Zsombor"]
[Result "1-0"]
[WhiteElo "2111"]
[BlackElo "1437"]
[PlyCount "93"]
[EventDate "2021.08.20"]
[EventType "swiss"]
[EventRounds "7"]
[EventCountry "HUN"]
[SourceTitle "EXT 2022"]
[Source "ChessBase"]
[SourceDate "2021.10.06"]
[SourceVersion "1"]
[SourceVersionDate "2021.10.06"]
[SourceQuality "1"]

1. e4 e5 2. Nf3 Nc6 3. Bb5 Nf6 4. d3 Bc5 5. Be3 Nd4 6. Ba4 b5 7. Bxb5 Rb8 8. Bc4 d6 9. c3 Nxf3+ 10. gxf3 Bxe3 11. fxe3 Rxb2 12. Nd2 Ng4 13. Qe2 Qh4+ 14. Kd1 Qg5 15. Kc1 Rxd2 16. Kxd2 Nf6 17. Rhg1 Qh6 18. Qg2 g6 19. Bb5+ Bd7 20. Bxd7+ Nxd7 21. Rab1 Nb6 22. Qg4 0-0 23. h4 Rd8 24. Qg5 Qxg5 25. hxg5 d5 26. exd5 Rxd5 27. e4 Ra5 28. Ra1 Kg7 29. Rh1 Nd7 30. Rh2 Ra6 31. Ke3 Ra3 32. Rc2 f6 33. gxf6+ Kxf6 34. Rb1 Nb6 35. Rb3 Ra4 36. d4 h5 37. d5 h4 38. Rg2 g5 39. Kd3 h3 40. Rh2 Kg6 41. Rbb2 g4 42. fxg4 Kg5 43. Rxh3 Kxg4 44. Rh7 Kf4 45. Rg2 Kf3 46. Rg8 Rxe4 47. Rh3+ 1-0

[Event "HUN-ch U14"]
[Site "Budapest"]
[Date "2020.10.28"]
[Round "7"]
[White "Tran, David"]
[Black "Tancsa, Tamas"]
[Result "1/2-1/2"]
[WhiteElo "2130"]
[BlackElo "2092"]
[PlyCount "94"]
[EventDate "2020.10.24"]
[EventType "tourn"]
[EventRounds "9"]
[EventCountry "HUN"]
[SourceTitle "CBM 199 Extra"]
[Source "ChessBase"]
[SourceDate "2021.01.31"]
[SourceVersion "1"]
[SourceVersionDate "2021.01.31"]
[SourceQuality "1"]

1. e4 e5 2. Nf3 Nc6 3. Bb5 a6 4. Ba4 Nf6 5. 0-0 Be7 6. Bxc6 dxc6 7. d3 Nd7 8. Nbd2 0-0 9. Nc4 Bf6 10. d4 Qe7 11. dxe5 Nxe5 12. Nfxe5 Bxe5 13. Nxe5 Qxe5 14. Re1 Re8 15. f4 Qf6 16. c3 Be6 17. Be3 Rad8 18. Qf3 Rd3 19. f5 Bc8 20. Rad1 Qd6 21. Rxd3 Qxd3 22. Rd1 Qc2 23. f6 Be6 24. Rd2 Qb1+ 25. Kf2 Bc4 26. fxg7 Bd3 27. Qd1 Qxd1 28. Rxd1 Bxe4 29. Bd4 Re6 30. c4 Rd6 31. c5 Re6 32. Bc3 Bd5 33. b4 f6 34. g4 Re4 35. Rd4 Rxd4 36. Bxd4 Kxg7 37. g5 Bxa2 38. gxf6+ Kf7 39. Ke3 b6 40. Ke4 bxc5 41. bxc5 a5 42. Kd3 Ke6 43. Kc3 Kf5 44. Kb2 Be6 45. Ka3 Ke4 46. Bf2 Ke5 47. Bh4 Kd5 1/2-1/2

[Event "HUN-ch U14"]
[Site "Budapest"]
[Date "2020.10.26"]
[Round "4"]
[White "Bilku, Andras"]
[Black "Tran, David"]
[Result "1/2-1/2"]
[WhiteElo "1910"]
[BlackElo "2130"]
[PlyCount "92"]
[EventDate "2020.10.24"]
[EventType "tourn"]
[EventRounds "9"]
[EventCountry "HUN"]
[SourceTitle "CBM 199 Extra"]
[Source "ChessBase"]
[SourceDate "2021.01.31"]
[SourceVersion "1"]
[SourceVersionDate "2021.01.31"]
[SourceQuality "1"]

1. Nf3 Nf6 2. g3 g6 3. Bg2 Bg7 4. 0-0 0-0 5. d4 d6 6. b3 e5 7. dxe5 dxe5 8. Bb2 e4 9. Ne5 Ng4 10. Nc4 Bxb2 11. Nxb2 f5 12. Qxd8 Rxd8 13. e3 Nc6 14. Na3 a6 15. h3 Nge5 16. Nac4 Nxc4 17. Nxc4 b5 18. Na3 Ne5 19. Rad1 Bb7 20. Nb1 c5 21. Nc3 Kf7 22. Rxd8 Rxd8 23. Rd1 Rxd1+ 24. Nxd1 c4 25. Nc3 Ke6 26. Kf1 Bc6 27. Ne2 a5 28. Ke1 Kd6 29. Kd2 Kc5 30. Kc3 b4+ 31. Kd2 Bd5 32. Nd4 a4 33. h4 Nc6 34. Nxc6 Kxc6 35. bxa4 c3+ 36. Kd1 Bxa2 37. Bf1 b3 38. Bb5+ Kb6 39. cxb3 Bxb3+ 40. Kc1 Ka5 41. Be8 Bxa4 42. Bf7 Bd7 43. Kc2 Kb4 44. Kc1 Bc6 45. h5 Bd7 46. Bxg6 h6 1/2-1/2

[Event "EU-chT U12"]
[Site "Pardubice"]
[Date "2019.07.16"]
[Round "6.1"]
[White "Cohen, Elad"]
[Black "Tran, David"]
[Result "1/2-1/2"]
[WhiteElo "2002"]
[BlackElo "2112"]
[PlyCount "66"]
[EventDate "2019.07.11"]
[EventType "team-swiss"]
[EventRounds "7"]
[EventCountry "CZE"]
[SourceTitle "EXT 2020"]
[Source "ChessBase"]
[SourceDate "2019.10.17"]
[SourceVersion "1"]
[SourceVersionDate "2019.10.17"]
[SourceQuality "1"]
[WhiteTeam "Israel U12"]
[BlackTeam "Hungary U12"]
[WhiteTeamCountry "ISR"]
[BlackTeamCountry "HUN"]

1. e4 e5 2. Nf3 Nc6 3. Bb5 a6 4. Ba4 Nf6 5. 0-0 b5 6. Bb3 Be7 7. d4 d6 8. dxe5 Nxe5 9. Nxe5 dxe5 10. Qxd8+ Bxd8 11. a4 Bb7 12. axb5 axb5 13. Rxa8 Bxa8 14. f3 Be7 15. Be3 0-0 16. Nc3 c6 17. Ra1 Bb7 18. Ra7 Rb8 19. Kf1 Nd7 20. Ke2 Bc5 21. Bxc5 Nxc5 22. Na2 Ra8 23. Rxa8+ Bxa8 24. Nb4 Kf8 25. Ba2 Ke7 26. c4 Ne6 27. cxb5 cxb5 28. Bxe6 Kxe6 29. Na6 Kd6 30. b4 g6 31. Nc5 f5 32. g4 fxe4 33. fxe4 g5 1/2-1/2

[Event "HUN-ch U12"]
[Site "Balatonlelle"]
[Date "2019.06.22"]
[Round "2"]
[White "Tran, David"]
[Black "Herczeg, Marcell"]
[Result "1-0"]
[WhiteElo "2078"]
[BlackElo "1783"]
[PlyCount "92"]
[EventDate "2019.06.21"]
[EventType "swiss"]
[EventRounds "9"]
[EventCountry "HUN"]
[SourceTitle "CBM 191 Extra"]
[Source "ChessBase"]
[SourceDate "2019.09.30"]
[SourceVersion "1"]
[SourceVersionDate "2019.09.30"]
[SourceQuality "1"]

1. e4 e5 2. Nf3 Nc6 3. Bb5 Nf6 4. Nc3 d6 5. d4 exd4 6. Nxd4 Bd7 7. f3 Nxd4 8. Bxd7+ Qxd7 9. Qxd4 Be7 10. Bf4 Nh5 11. Be3 Qc6 12. Nd5 Bf6 13. Nxf6+ Nxf6 14. 0-0-0 Qa6 15. Kb1 Qb6 16. Qd3 Qc6 17. Bd4 0-0-0 18. Bxf6 gxf6 19. Qd4 Kb8 20. Qxf6 Qc4 21. Qd4 Qe6 22. Rd3 h5 23. Qd5 Qg6 24. Rb3 b6 25. g3 Rde8 26. a4 Rhg8 27. Rc3 Re5 28. Qc6 Rc8 29. Rd1 Qg5 30. f4 Qg4 31. Rdd3 Rc5 32. Rxc5 dxc5 33. a5 Qe6 34. Qxe6 fxe6 35. a6 Rg8 36. Rd7 Kc8 37. Rh7 Rg6 38. Rxh5 Kd7 39. Rh7+ Kd6 40. f5 exf5 41. exf5 Rg5 42. f6 Rf5 43. f7 Ke7 44. f8Q+ Kxf8 45. Rxc7 Rf7 46. Rxf7+ Kxf7 1-0

[Event "Mukachevo Rating 38th"]
[Site "Mukachevo"]
[Date "2019.05.14"]
[Round "9"]
[White "Shankovsky, Andriy"]
[Black "Tran, David"]
[Result "1-0"]
[WhiteElo "2374"]
[BlackElo "2070"]
[PlyCount "89"]
[EventDate "2019.05.09"]
[EventType "tourn"]
[EventRounds "9"]
[EventCountry "UKR"]
[EventCategory "2"]
[SourceTitle "CBM 190 Extra"]
[Source "ChessBase"]
[SourceDate "2019.07.15"]
[SourceVersion "1"]
[SourceVersionDate "2019.07.15"]
[SourceQuality "1"]

1. e4 e5 2. Nf3 Nc6 3. Bb5 a6 4. Ba4 Nf6 5. 0-0 Be7 6. Re1 b5 7. Bb3 d6 8. c3 0-0 9. h3 Na5 10. Bc2 c5 11. d4 Qc7 12. Nbd2 Nc6 13. Nf1 cxd4 14. cxd4 Nxd4 15. Nxd4 exd4 16. Ng3 Re8 17. b3 d5 18. exd5 Nxd5 19. Bb2 Be6 20. Rc1 Qd7 21. Bxd4 Bf6 22. Nh5 Bxd4 23. Qxd4 f6 24. Rcd1 Qf7 25. Rxe6 Rxe6 26. Qxd5 Re1+ 27. Kh2 Qxd5 28. Rxd5 Re2 29. Bd3 Rxf2 30. Rd7 Rxa2 31. Rxg7+ Kf8 32. Bxh7 Rd8 33. Bg6 Rdd2 34. Rf7+ Ke8 35. Nf4 Rf2 36. Rxf6+ Ke7 37. Rf7+ Kd6 38. h4 Rad2 39. h5 Rd4 40. Kg3 Rb2 41. Rf6+ Ke7 42. Re6+ Kd7 43. Re3 Rb4 44. Nd3 R2xb3 45. Nc5+ 1-0

[Event "Mukachevo Rating 38th"]
[Site "Mukachevo"]
[Date "2019.05.13"]
[Round "8"]
[White "Tran, David"]
[Black "Tiba, Vladyslav"]
[Result "0-1"]
[WhiteElo "2070"]
[BlackElo "2370"]
[PlyCount "84"]
[EventDate "2019.05.09"]
[EventType "tourn"]
[EventRounds "9"]
[EventCountry "UKR"]
[EventCategory "2"]
[SourceTitle "CBM 190 Extra"]
[Source "ChessBase"]
[SourceDate "2019.07.15"]
[SourceVersion "1"]
[SourceVersionDate "2019.07.15"]
[SourceQuality "1"]

1. e4 c5 2. Nf3 e6 3. d4 cxd4 4. Nxd4 a6 5. Bd3 Bc5 6. Nb3 Be7 7. Nc3 d6 8. 0-0 Nf6 9. Be3 b5 10. a3 Bb7 11. f4 Nbd7 12. Qe2 Qc7 13. Kh1 0-0 14. Rae1 Nc5 15. Nxc5 dxc5 16. e5 c4 17. Bxc4 bxc4 18. exf6 Bxf6 19. Na4 Rab8 20. c3 Bd5 21. Nc5 Qc6 22. Bg1 Be7 23. Ne4 Qb7 24. Bd4 Qxb2 25. Qg4 f6 26. Re3 Qc2 27. h4 Kh8 28. Nc5 Bxc5 29. Bxc5 Rf7 30. Rg3 Rb2 31. f5 Rb1 32. fxe6 Rxf1+ 33. Kh2 Qb1 34. Re3 Rh1+ 35. Kg3 Qb8+ 36. Kf2 Rb7 37. Bb4 Qe8 38. e7 a5 39. Rg3 g6 40. Qd4 axb4 41. Qxf6+ Kg8 42. Rf3 Rxe7 0-1

[Event "Mukachevo Rating 38th"]
[Site "Mukachevo"]
[Date "2019.05.10"]
[Round "3"]
[White "Martynyuk, Elizaveta"]
[Black "Tran, David"]
[Result "0-1"]
[WhiteElo "2141"]
[BlackElo "2070"]
[PlyCount "56"]
[EventDate "2019.05.09"]
[EventType "tourn"]
[EventRounds "9"]
[EventCountry "UKR"]
[EventCategory "2"]
[SourceTitle "CBM 190 Extra"]
[Source "ChessBase"]
[SourceDate "2019.07.15"]
[SourceVersion "1"]
[SourceVersionDate "2019.07.15"]
[SourceQuality "1"]

1. e4 e5 2. Nf3 Nc6 3. Bc4 Bc5 4. c3 Nf6 5. d3 a6 6. Nbd2 d6 7. Bb3 0-0 8. 0-0 Ba7 9. Re1 Ng4 10. Re2 Kh8 11. h3 Nh6 12. Nf1 f5 13. Bg5 Qe8 14. exf5 Nxf5 15. d4 Qg6 16. dxe5 Nxe5 17. N1h2 Ng3 18. Rxe5 dxe5 19. Be7 Re8 20. Nxe5 Bxf2+ 21. Kxf2 Ne4+ 22. Ke3 Qg3+ 23. Kxe4 Bf5+ 24. Kxf5 Rxe7 25. Nf7+ Kg8 26. Nd8+ Kh8 27. Nf3 Qg6+ 28. Kf4 Re4# 0-1

[Event "Mukachevo Rating 38th"]
[Site "Mukachevo"]
[Date "2019.05.09"]
[Round "1"]
[White "Vachylya, Andriy"]
[Black "Tran, David"]
[Result "1-0"]
[WhiteElo "2285"]
[BlackElo "2070"]
[PlyCount "75"]
[EventDate "2019.05.09"]
[EventType "tourn"]
[EventRounds "9"]
[EventCountry "UKR"]
[EventCategory "2"]
[SourceTitle "CBM 190 Extra"]
[Source "ChessBase"]
[SourceDate "2019.07.15"]
[SourceVersion "1"]
[SourceVersionDate "2019.07.15"]
[SourceQuality "1"]

1. d4 Nf6 2. c4 g6 3. Nc3 Bg7 4. e4 d6 5. Nf3 0-0 6. h3 c5 7. d5 e6 8. Be2 exd5 9. exd5 Re8 10. 0-0 Bf5 11. Bd3 Ne4 12. Ne2 h5 13. Qc2 Nd7 14. a4 Qf6 15. Ra3 Ne5 16. Nxe5 Qxe5 17. Rb3 Nf6 18. Bxf5 Qxe2 19. Qxe2 Rxe2 20. Bd3 Re7 21. Bg5 Rae8 22. a5 Rd7 23. Be3 Ne4 24. g4 hxg4 25. hxg4 Bd4 26. Bxd4 Nd2 27. Bc3 Nxb3 28. Bc2 Nd4 29. Bxd4 cxd4 30. Ba4 Rde7 31. Bxe8 Rxe8 32. Rd1 Re4 33. f3 Rf4 34. Kf2 g5 35. b3 Kg7 36. Re1 Kf8 37. Re2 f6 38. Re4 1-0

[Event "Ho Chi Minh City HD Bank op 9th"]
[Site "Ho Chi Minh City"]
[Date "2019.03.13"]
[Round "9"]
[White "Frayna, Janelle Mae"]
[Black "Tran, David"]
[Result "0-1"]
[WhiteElo "2201"]
[BlackElo "2126"]
[PlyCount "68"]
[EventDate "2019.03.07"]
[EventType "swiss"]
[EventRounds "9"]
[EventCountry "VIE"]
[SourceTitle "CBM 189 Extra"]
[Source "ChessBase"]
[SourceDate "2019.06.03"]
[SourceVersion "1"]
[SourceVersionDate "2019.06.03"]
[SourceQuality "1"]

1. Nf3 Nf6 2. c4 g6 3. d4 Bg7 4. g3 0-0 5. Bg2 d6 6. Nc3 Nc6 7. 0-0 a6 8. Bf4 Rb8 9. Rc1 b5 10. d5 Na5 11. cxb5 axb5 12. b4 Nc4 13. Nd4 Bd7 14. Bg5 Qe8 15. Qb3 h6 16. Bxf6 Bxf6 17. Rfd1 Bxd4 18. Rxd4 e5 19. Rdd1 Nb6 20. e4 f5 21. Nb1 Rc8 22. Rc3 Qf7 23. exf5 gxf5 24. Nd2 e4 25. Nf1 Nc4 26. Ne3 Ne5 27. Nc2 Nd3 28. Bf1 f4 29. Bxd3 fxg3 30. f4 Qxf4 31. Rf1 gxh2+ 32. Kh1 Qg3 33. Qb1 exd3 34. Nd4 Bh3 0-1

[Event "Ho Chi Minh City HD Bank op 9th"]
[Site "Ho Chi Minh City"]
[Date "2019.03.07"]
[Round "1"]
[White "Cao, Sang"]
[Black "Tran, David"]
[Result "1-0"]
[WhiteElo "2385"]
[BlackElo "2126"]
[PlyCount "59"]
[EventDate "2019.03.07"]
[EventType "swiss"]
[EventRounds "9"]
[EventCountry "VIE"]
[SourceTitle "CBM 189 Extra"]
[Source "ChessBase"]
[SourceDate "2019.06.03"]
[SourceVersion "1"]
[SourceVersionDate "2019.06.03"]
[SourceQuality "1"]

1. e4 e5 2. Nf3 Nc6 3. Bb5 a6 4. Ba4 Nf6 5. d3 d6 6. c3 Be7 7. 0-0 0-0 8. Re1 Re8 9. Nbd2 Bf8 10. Nf1 b5 11. Bc2 g6 12. h3 Bg7 13. d4 Bb7 14. d5 Nb8 15. a4 Nbd7 16. b3 c6 17. dxc6 Bxc6 18. Qxd6 Bf8 19. Qd1 bxa4 20. bxa4 Qc7 21. Bg5 h6 22. Bh4 Bb7 23. Rb1 Rac8 24. Ne3 Bxe4 25. Bxe4 Nxe4 26. Nd5 Qc4 27. Rxe4 Qxe4 28. Rb7 g5 29. Rxd7 Kg7 30. Bxg5 1-0

[Event "Mukachevo Rating 36th"]
[Site "Mukachevo"]
[Date "2019.01.10"]
[Round "3"]
[White "Larkin, Vladislav"]
[Black "Tran, David"]
[Result "1-0"]
[WhiteElo "2311"]
[BlackElo "2111"]
[PlyCount "51"]
[EventDate "2019.01.09"]
[EventType "tourn"]
[EventRounds "9"]
[EventCountry "UKR"]
[EventCategory "2"]
[SourceTitle "CBM 188 Extra"]
[Source "ChessBase"]
[SourceDate "2019.02.26"]
[SourceVersion "1"]
[SourceVersionDate "2019.02.26"]
[SourceQuality "1"]

1. d4 Nf6 2. Nc3 g6 3. e4 d6 4. f3 Bg7 5. Be3 c6 6. Qd2 b5 7. a3 0-0 8. g4 Nbd7 9. Nge2 e5 10. g5 Nh5 11. d5 cxd5 12. Qxd5 Nb6 13. Bxb6 Qxb6 14. Qxa8 Be6 15. Nd5 Qa5+ 16. b4 Qa6 17. Qc6 Qxc6 18. Ne7+ Kh8 19. Nxc6 a6 20. Rd1 Rc8 21. Rxd6 Bf8 22. Rd8 Rxc6 23. Rxf8+ Kg7 24. Rd8 Rxc2 25. Rd2 Rc6 26. Kf2 1-0

[Event "Mukachevo Rating 36th"]
[Site "Mukachevo"]
[Date "2019.01.09"]
[Round "1"]
[White "Baidetsky, Valentin"]
[Black "Tran, David"]
[Result "1-0"]
[WhiteElo "2387"]
[BlackElo "2111"]
[PlyCount "25"]
[EventDate "2019.01.09"]
[EventType "tourn"]
[EventRounds "9"]
[EventCountry "UKR"]
[EventCategory "2"]
[SourceTitle "CBM 188 Extra"]
[Source "ChessBase"]
[SourceDate "2019.02.26"]
[SourceVersion "1"]
[SourceVersionDate "2019.02.26"]
[SourceQuality "1"]

1. d4 Nf6 2. Bf4 c5 3. e3 Qb6 4. Nc3 d6 5. Nf3 Qxb2 6. Nb5 Nd5 7. Rb1 Qxa2 8. Ra1 Qb2 9. dxc5 Nc3 10. Be5 Nxd1 11. Bxb2 Nxb2 12. Nc7+ Kd8 13. Nxa8 1-0

[Event "HUN-chT2 Barcza 1718"]
[Site "Hungary"]
[Date "2018.03.25"]
[Round "10.9"]
[White "Dudas, Zoltan1111"]
[Black "Tran, David"]
[Result "0-1"]
[WhiteElo "1811"]
[BlackElo "1966"]
[PlyCount "136"]
[EventDate "2017.09.24"]
[EventType "team-tourn"]
[EventRounds "11"]
[EventCountry "HUN"]
[SourceTitle "EXT 2021"]
[Source "ChessBase"]
[SourceDate "2020.10.23"]
[SourceVersion "1"]
[SourceVersionDate "2020.10.23"]
[SourceQuality "1"]
[WhiteTeam "Edeleny"]
[BlackTeam "Debrecen Sakkiskola II"]
[WhiteTeamCountry "HUN"]
[BlackTeamCountry "HUN"]

1. e4 e5 2. Nf3 Nc6 3. Nc3 Nf6 4. d4 exd4 5. Nxd4 Bb4 6. Nxc6 bxc6 7. Bd3 d5 8. exd5 cxd5 9. 0-0 0-0 10. Bg5 c6 11. Qf3 Rb8 12. Bxf6 Qxf6 13. Qxf6 gxf6 14. Ne2 Bd6 15. Rab1 c5 16. c3 Re8 17. Ng3 c4 18. Bf5 Bxf5 19. Nxf5 Bc5 20. Ng3 d4 21. cxd4 Bxd4 22. b3 c3 23. Rbc1 Re5 24. Rfd1 Rd8 25. Kf1 Red5 26. Ne2 Be5 27. Rxd5 Rxd5 28. Nxc3 Rd2 29. a3 Rd3 30. Ne2 Rxb3 31. f4 Bd6 32. a4 Rb4 33. Ra1 Bxf4 34. Nxf4 Rxf4+ 35. Ke2 Rb4 36. Kf3 Kg7 37. a5 a6 38. h3 Kg6 39. Ra3 Rb5 40. Kf2 f5 41. Kf3 Kg5 42. Kg3 f4+ 43. Kf3 Kf5 44. Kf2 Ke5 45. Ra4 Rb2+ 46. Kf3 Rb3+ 47. Kf2 Rb5 48. Kf3 f5 49. Kf2 h5 50. Kf3 Rc5 51. Ra3 Rd5 52. Ra4 Rd3+ 53. Kf2 Rd4 54. Ra2 Re4 55. Kf3 Rd4 56. Kf2 h4 57. Kf3 Rd3+ 58. Kf2 Ke4 59. Ra4+ Rd4 60. Ra2 f3 61. g3 hxg3+ 62. Kxg3 f4+ 63. Kf2 Rc4 64. h4 Kf5 65. Kxf3 Rc3+ 66. Kf2 Kg4 67. Ra4 Rc2+ 68. Ke1 Kg3 0-1

[Event "HUN-chT2 Barcza 1718"]
[Site "Hungary"]
[Date "2018.02.18"]
[Round "8.9"]
[White "Horvath, Peter2222"]
[Black "Tran, David"]
[Result "0-1"]
[WhiteElo "1903"]
[BlackElo "1881"]
[PlyCount "98"]
[EventDate "2017.09.24"]
[EventType "team-tourn"]
[EventRounds "11"]
[EventCountry "HUN"]
[SourceTitle "EXT 2021"]
[Source "ChessBase"]
[SourceDate "2020.10.23"]
[SourceVersion "1"]
[SourceVersionDate "2020.10.23"]
[SourceQuality "1"]
[WhiteTeam "Szirmabesenyo"]
[BlackTeam "Debrecen Sakkiskola II"]
[WhiteTeamCountry "HUN"]
[BlackTeamCountry "HUN"]

1. e4 e5 2. Nc3 Nf6 3. Bc4 Bc5 4. d3 d6 5. h3 Be6 6. Bxe6 fxe6 7. Na4 Bb6 8. Nf3 Nc6 9. c3 Qe7 10. Bg5 0-0 11. Nxb6 axb6 12. 0-0 h6 13. Bh4 Qf7 14. Qe2 g5 15. Bxg5 hxg5 16. Nxg5 Qd7 17. f4 Nh7 18. Nxh7 Kxh7 19. Qh5+ Kg7 20. f5 exf5 21. exf5 Rf6 22. Rf3 Rg8 23. Rg3+ Kf8 24. Rxg8+ Kxg8 25. Rf1 Qf7 26. Qh4 Ne7 27. g4 Qg7 28. Kh2 Rh6 29. Qg3 Qg5 30. Qf3 c6 31. c4 Kf7 32. b4 Ng8 33. b5 Nf6 34. Kg2 d5 35. Qg3 Nd7 36. Rf2 Qh4 37. Qxh4 Rxh4 38. Kg3 Rh8 39. g5 Nc5 40. cxd5 cxd5 41. Rf3 e4 42. dxe4 Nxe4+ 43. Kg4 d4 44. h4 d3 45. Kf4 d2 46. Rd3 Rxh4+ 47. Ke5 Nxg5 48. f6 Nf3+ 49. Kf5 Rd4 0-1